Technicko-fyzikální analýza staveb : Pomúcka pro cvičení

Gespeichert in:
Bibliographische Detailangaben
Format: Buch
Sprache:Tschechisch
Veröffentlicht: Praha : České vysoké učení technické v Praze, 1991
Tags: Tag hinzufügen
Keine Tags, Fügen Sie das erste Tag hinzu!

MARC

LEADER 00000nam a22000003a 4500
001 stu26596
005 20150408181145.6
008 911231s1991----cs------------------cze-d
020 |a 80-01-00650-6 
040 |a STU  |b slo 
041 0 |a cze 
044 |a cs 
245 |a Technicko-fyzikální analýza staveb :  |b Pomúcka pro cvičení 
260 |a Praha :  |b České vysoké učení technické v Praze,  |c 1991 
300 |a 174 s 
996 |b 284V029306  |c V*34114/S-91  |l VVT  |s A  |a 24  |w stu26596_0001